Civilisation V City States Quiz Stats

 Plays Quiz not verified by Sporcle

Score 0/65 Timer 15:00
0 Plays Today
% Correct
Panama City
69.4%
Rio de Janeiro
69.4%
Oslo
66.7%
Buenos Aires
63.9%
Cape Town
63.9%
Helsinki
63.9%
Vancouver
63.9%
Melbourne
63.9%
Jerusalem
63.9%
Stockholm
61.1%
Sydney
61.1%
Dublin
61.1%
Milan
58.3%
Copenhagen
58.3%
Lisbon
58.3%
Wellington
58.3%
Quebec City
55.6%
Hanoi
55.6%
Monaco
52.8%
Vilnius
52.8%
Geneva
52.8%
Kathmandu
52.8%
Bogota
50%
Kiev
50%
Jakarta
50%
Manila
50%
Riga
50%
Budapest
50%
Kabul
47.2%
Seoul
47.2%
Colombo
47.2%
Genoa
47.2%
Zurich
47.2%
% Correct
Belgrade
47.2%
Bratislava
44.4%
Kuala Lumpur
44.4%
Prague
44.4%
Mogadishu
44.4%
Yerevan
41.7%
Antananarivo
41.7%
Singapore
41.7%
Sofia
41.7%
Vatican City
41.7%
Florence
38.9%
Marrakech
38.9%
Zanzibar
38.9%
Valletta
36.1%
Lhasa
33.3%
Mombasa
27.8%
Cahokia
27.8%
Ur
25%
Almaty
25%
Kyzyl
19.4%
Malacca
19.4%
Tyre
19.4%
M'banza-Kongo
19.4%
Ragusa
16.7%
Samarkand
16.7%
Byblos
13.9%
Ormus
13.9%
Ife
13.9%
La Venta
13.9%
Wittenberg
13.9%
Vienna
11.1%
Venice
8.3%

You're not logged in!

Compare scores with friends on all Sporcle quizzes.
OR
Log In

Sporcle TV

Today on Sporcle TV


Watch our educational content, quiz creation guides, and fun videos on Sporcle TV.

Show Comments

Extras

Top Quizzes Today


Score Distribution

Your Account Isn't Verified!

In order to create a playlist on Sporcle, you need to verify the email address you used during registration. Go to your Sporcle Settings to finish the process.

Report this User

Report this user for behavior that violates our Community Guidelines.

Details: